A Nobel-díjas lábjegyzettől – napjainkig [From the Nobel Prize-winning footnote - to the present day]

Elmentve itt :
Bibliográfiai részletek
Szerzők: Babik Barna
Fazakas János
Matusovits Andrea
Gál János
Fülesdi Béla
Dokumentumtípus: Cikk
Megjelent: 2020
Sorozat:ORVOSI HETILAP 161 No. 37
Tárgyszavak:
doi:10.1556/650.2020.31917

mtmt:31597160
Online Access:http://publicatio.bibl.u-szeged.hu/30158
LEADER 00869nab a2200253 i 4500
001 publ30158
005 20240423082726.0
008 240423s2020 hu o 000 hun d
022 |a 0030-6002 
024 7 |a 10.1556/650.2020.31917  |2 doi 
024 7 |a 31597160  |2 mtmt 
040 |a SZTE Publicatio Repozitórium  |b hun 
041 |a hun 
100 1 |a Babik Barna 
245 1 2 |a A Nobel-díjas lábjegyzettől – napjainkig [From the Nobel Prize-winning footnote - to the present day]  |h [elektronikus dokumentum] /  |c  Babik Barna 
260 |c 2020 
300 |a 1543-1544 
490 0 |a ORVOSI HETILAP  |v 161 No. 37 
650 4 |a Klinikai orvostan 
700 0 1 |a Fazakas János  |e aut 
700 0 1 |a Matusovits Andrea  |e aut 
700 0 1 |a Gál János  |e aut 
700 0 1 |a Fülesdi Béla  |e aut 
856 4 0 |u http://publicatio.bibl.u-szeged.hu/30158/1/650-article-p1543-1.pdf  |z Dokumentum-elérés